<?xml version="1.0" encoding="UTF-8"?><?xml-stylesheet type="text/xsl" href="static/style.xsl"?><OAI-PMH xmlns="http://www.openarchives.org/OAI/2.0/" xmlns:xsi="http://www.w3.org/2001/XMLSchema-instance" xsi:schemaLocation="http://www.openarchives.org/OAI/2.0/ http://www.openarchives.org/OAI/2.0/OAI-PMH.xsd"><responseDate>2026-04-13T14:24:10Z</responseDate><request verb="GetRecord" identifier="oai:www.recercat.cat:10230/48688" metadataPrefix="marc">https://recercat.cat/oai/request</request><GetRecord><record><header><identifier>oai:recercat.cat:10230/48688</identifier><datestamp>2025-12-23T20:53:14Z</datestamp><setSpec>com_2072_6</setSpec><setSpec>col_2072_452954</setSpec></header><metadata><record xmlns="http://www.loc.gov/MARC21/slim" xmlns:dcterms="http://purl.org/dc/terms/" xmlns:xsi="http://www.w3.org/2001/XMLSchema-instance" xmlns:doc="http://www.lyncode.com/xoai" xsi:schemaLocation="http://www.loc.gov/MARC21/slim http://www.loc.gov/standards/marcxml/schema/MARC21slim.xsd">
   <leader>00925njm 22002777a 4500</leader>
   <datafield ind2=" " ind1=" " tag="042">
      <subfield code="a">dc</subfield>
   </datafield>
   <datafield ind2=" " ind1=" " tag="720">
      <subfield code="a">Gesalí Fernàndez, Andrea</subfield>
      <subfield code="e">author</subfield>
   </datafield>
   <datafield ind2=" " ind1=" " tag="260">
      <subfield code="c">2021-10-18T14:21:07Z</subfield>
   </datafield>
   <datafield ind2=" " ind1=" " tag="260">
      <subfield code="c">2021-10-18T14:21:07Z</subfield>
   </datafield>
   <datafield ind2=" " ind1=" " tag="260">
      <subfield code="c">2021-10-18</subfield>
   </datafield>
   <datafield ind2=" " ind1=" " tag="520">
      <subfield code="a">Treball de fi de grau en Traducció i Interpretació. Tutora: Anjana Martínez Tejerina</subfield>
   </datafield>
   <datafield ind2=" " ind1=" " tag="520">
      <subfield code="a">Hoy en día es muy común encontrar ejemplos de multilingüismo, un fenómeno causado&#xd;
por el contacto entre distintas culturas y lenguas. El constante incremento de este&#xd;
fenómeno ha provocado que los directores se vean en la obligación de representar el&#xd;
multilingüismo en sus productos audiovisuales para lograr un efecto más realista y&#xd;
verosímil; lo que ha supuesto, entre otros factores, que los traductores se enfrenten a&#xd;
nuevos retos. La traducción del multilingüismo es un campo ampliamente estudiado, pero&#xd;
la traducción del multilingüismo en forma de acento no ha sido estudiada en profundidad.&#xd;
El presente trabajo pretende profundizar en el análisis del doblaje de los acentos&#xd;
regionales y extranjeros de la serie dramática Peaky Blinders mediante el análisis&#xd;
detallado de la forma de hablar de 24 personajes, tanto en la versión original como en la&#xd;
versión doblada al español. Asimismo, a partir de las entrevistas realizadas a la traductora&#xd;
y al director de doblaje, se reflexiona sobre las técnicas y estrategias empleadas a la hora&#xd;
de trasladar, o no, los acentos. Una de las conclusiones más relevantes que se ha extraído&#xd;
del análisis es el hecho de que es preferible doblarlos solo si tienen un peso argumental&#xd;
relevante en el producto audiovisual para, así, evitar la sobrecarga tanto a nivel de trabajo&#xd;
del doblador, como a nivel de información por lo que respecta al espectador.</subfield>
   </datafield>
   <datafield ind2=" " ind1=" " tag="520">
      <subfield code="a">Avui dia és molt comú trobar exemples de multilingüisme, un fenomen causat pel&#xd;
contacte entre diferents cultures i llengües. El constant increment d&amp;apos;aquest fenomen ha&#xd;
provocat que els directors es vegin en l&amp;apos;obligació de representar el multilingüisme en els&#xd;
seus productes audiovisuals per aconseguir un efecte més realista i versemblant; el que&#xd;
ha suposat, entre altres factors, que els traductors s&amp;apos;enfrontin a nous reptes. La traducció&#xd;
del multilingüisme és un camp àmpliament estudiat, però la traducció del multilingüisme&#xd;
en forma d&amp;apos;accent no ha estat estudiada en profunditat. El present treball pretén aprofundir&#xd;
en l&amp;apos;anàlisi del doblatge dels accents regionals i estrangers de la sèrie dramàtica Peaky&#xd;
Blinders mitjançant l&amp;apos;anàlisi detallada de la manera de parlar de 24 personatges, tant en la&#xd;
versió original com en la versió doblada a l&amp;apos;espanyol. Així, a partir de les entrevistes&#xd;
realitzades a la traductora i al director de doblatge, es reflexiona sobre les tècniques i&#xd;
estratègies emprades a l&amp;apos;hora de traslladar, o no, els accents. Una de les conclusions més&#xd;
rellevants que s&amp;apos;ha extret de l&amp;apos;anàlisi és el fet que és preferible doblar-los només si tenen&#xd;
un pes argumental rellevant en el producte audiovisual per, així, evitar la sobrecàrrega&#xd;
quant a la feina del doblador i a la quantitat d&amp;apos;informació pel que fa a l&amp;apos;espectador.</subfield>
   </datafield>
   <datafield ind2=" " ind1=" " tag="520">
      <subfield code="a">Nowadays it is very common to find examples of multilingualism, a phenomenon caused&#xd;
by contact between different cultures and languages. The constant increase of this&#xd;
phenomenon has led to the need for directors to represent multilingualism in their&#xd;
audiovisual products to achieve a more realistic and believable effect; this has meant,&#xd;
among other factors, that translators are faced with new challenges. The translation of&#xd;
multilingualism is a widely studied field, but the translation of multilingualism in the&#xd;
form of an accent has not been studied thoroughly. This paper aims to analyse the dubbing&#xd;
of regional and foreign accents in the drama series Peaky Blinders by means of a detailed&#xd;
analysis of the way 24 characters speak, both in the original version and in the version&#xd;
dubbed into Spanish. Likewise, based on the interviews with the translator and the&#xd;
dubbing director, we reflect on the techniques and strategies used when translating, or&#xd;
not, accents. One of the most relevant conclusions drawn from the analysis is the fact that&#xd;
it is preferable to dub them only if they have a relevant argumentative weight in the&#xd;
audiovisual product to avoid overloading both the dubber&amp;apos;s work and the viewer&amp;apos;s&#xd;
information.</subfield>
   </datafield>
   <datafield tag="653" ind2=" " ind1=" ">
      <subfield code="a">Traducción audiovisual</subfield>
   </datafield>
   <datafield tag="653" ind2=" " ind1=" ">
      <subfield code="a">Multilingüismo</subfield>
   </datafield>
   <datafield tag="653" ind2=" " ind1=" ">
      <subfield code="a">Doblaje</subfield>
   </datafield>
   <datafield tag="653" ind2=" " ind1=" ">
      <subfield code="a">Acento extranjero</subfield>
   </datafield>
   <datafield tag="653" ind2=" " ind1=" ">
      <subfield code="a">Acento estándar</subfield>
   </datafield>
   <datafield tag="653" ind2=" " ind1=" ">
      <subfield code="a">Acento regional</subfield>
   </datafield>
   <datafield tag="653" ind2=" " ind1=" ">
      <subfield code="a">Traducció audiovisual</subfield>
   </datafield>
   <datafield tag="653" ind2=" " ind1=" ">
      <subfield code="a">Multilingüisme</subfield>
   </datafield>
   <datafield tag="653" ind2=" " ind1=" ">
      <subfield code="a">Doblatge</subfield>
   </datafield>
   <datafield tag="653" ind2=" " ind1=" ">
      <subfield code="a">Accent estranger</subfield>
   </datafield>
   <datafield tag="653" ind2=" " ind1=" ">
      <subfield code="a">Accent estàndard</subfield>
   </datafield>
   <datafield tag="653" ind2=" " ind1=" ">
      <subfield code="a">Accent regional</subfield>
   </datafield>
   <datafield tag="653" ind2=" " ind1=" ">
      <subfield code="a">Audiovisual translation</subfield>
   </datafield>
   <datafield tag="653" ind2=" " ind1=" ">
      <subfield code="a">Multilingualism</subfield>
   </datafield>
   <datafield tag="653" ind2=" " ind1=" ">
      <subfield code="a">Dubbing</subfield>
   </datafield>
   <datafield tag="653" ind2=" " ind1=" ">
      <subfield code="a">Foreign accent</subfield>
   </datafield>
   <datafield tag="653" ind2=" " ind1=" ">
      <subfield code="a">Standard accent</subfield>
   </datafield>
   <datafield tag="653" ind2=" " ind1=" ">
      <subfield code="a">Regional accent</subfield>
   </datafield>
   <datafield tag="653" ind2=" " ind1=" ">
      <subfield code="a">Traducción audiovisual</subfield>
   </datafield>
   <datafield tag="653" ind2=" " ind1=" ">
      <subfield code="a">Multilingüismo</subfield>
   </datafield>
   <datafield tag="653" ind2=" " ind1=" ">
      <subfield code="a">Doblaje</subfield>
   </datafield>
   <datafield tag="653" ind2=" " ind1=" ">
      <subfield code="a">Acento extranjero</subfield>
   </datafield>
   <datafield tag="653" ind2=" " ind1=" ">
      <subfield code="a">Acento estándar</subfield>
   </datafield>
   <datafield tag="653" ind2=" " ind1=" ">
      <subfield code="a">Acento regional</subfield>
   </datafield>
   <datafield tag="653" ind2=" " ind1=" ">
      <subfield code="a">Traducció audiovisual</subfield>
   </datafield>
   <datafield tag="653" ind2=" " ind1=" ">
      <subfield code="a">Multilingüisme</subfield>
   </datafield>
   <datafield tag="653" ind2=" " ind1=" ">
      <subfield code="a">Doblatge</subfield>
   </datafield>
   <datafield tag="653" ind2=" " ind1=" ">
      <subfield code="a">Accent estranger</subfield>
   </datafield>
   <datafield tag="653" ind2=" " ind1=" ">
      <subfield code="a">Accent estàndard</subfield>
   </datafield>
   <datafield tag="653" ind2=" " ind1=" ">
      <subfield code="a">Accent regional</subfield>
   </datafield>
   <datafield tag="653" ind2=" " ind1=" ">
      <subfield code="a">Audiovisual translation</subfield>
   </datafield>
   <datafield tag="653" ind2=" " ind1=" ">
      <subfield code="a">Multilingualism</subfield>
   </datafield>
   <datafield tag="653" ind2=" " ind1=" ">
      <subfield code="a">Dubbing</subfield>
   </datafield>
   <datafield tag="653" ind2=" " ind1=" ">
      <subfield code="a">Foreign accent</subfield>
   </datafield>
   <datafield tag="653" ind2=" " ind1=" ">
      <subfield code="a">Standard accent</subfield>
   </datafield>
   <datafield tag="653" ind2=" " ind1=" ">
      <subfield code="a">Regional accent</subfield>
   </datafield>
   <datafield ind2="0" ind1="0" tag="245">
      <subfield code="a">Análisis del doblaje de los acentos en la serie Peaky Blinders</subfield>
   </datafield>
</record></metadata></record></GetRecord></OAI-PMH>